000 00932nam0a22003011 4500
001 2563815
005 20251118181735.5
021 _aRU
_b80-12085
035 _a(NLR Aleph) 006448651
090 _a5715339
_c5715339
100 _a20110316d1979 u y0rusy50 ca
101 1 _arus
_aeng
_crus
102 _aRU
105 _aa z |||||
200 1 _aWho's the strongest?
_fValery Syslov
_gDraw. by V. Trubkovich
_gTransl. from the Russ. by Fainna Solasko
210 _aMoscow
_cProgress
_d1979
215 _a16 с.
_cил.
_d29
686 _aШ9(2)680англ.
_2rubbk
686 _aЩ897.58(2)Трубкович,В.-1
_2rubbk
700 1 _aСуслов
_bВ.А.
_gВалерий Александрович
702 1 _aSolasko
_bF.
_gFainna
_4730
702 1 _aTrubkovich
_bV.
_4570
801 0 _aRU
_bNLR
_gpsbo
801 1 _aRU
_bELAR
_2rusmarc
852 _aNLR
_jDesideratum
899 _aRuMoRGB
_jM 80-16/28
942 _cBOOK
980 _aNB